000 00391nam a2200133Ia 4500
008 151001s9999||||xx |||||||||||||| ||und||
100 _aशशिकला साळगांवकर
245 _aदाजीबा आणि रावजी
250 _a6
260 _bअनमोल प्रकाशन पुणे
260 _c1998
300 _a32
365 _b21
999 _c974068
_d974065